Most Successful Rugby Clubs in the World - Statistics

General Stats
  • This quiz has been taken 23 times
  • The average score is 8 of 20
Answer Stats
P Club Nationality National Trophies Continental Trophies Others Total % Correct
3 Leinster Ireland 23 5 10 38
71%
8 Munster Ireland 26 2 2 30
71%
13 Sale Sharks England 19 0 2 21
71%
4 Blue Bulls South Africa 33 0 1 34
67%
9 Ulster Ireland 28 1 0 29
67%
15 Wasps England 17 3 0 20
62%
10 Bath England 22 2 0 24
48%
20 Stade Francais France 16 1 0 17
48%
7 Leicester Tigers England 30 2 0 32
43%
14 Benetton Treviso Italy 21 0 0 21
38%
11 Exeter Chiefs England 23 1 0 24
38%
12 Golden Lions South Africa 22 0 0 22
38%
1 Auckland New Zealand 40 5 0 45
29%
5 Stade Toulousain France 28 4 2 34
29%
2 Western Province South Africa 36 0 3 39
19%
6 San Isidro Argentina 34 0 0 34
14%
17 AS Béziers France 18 0 0 18
10%
19 Bristol Bears England 15 1 2 18
5%
16 Hindu Club Argentina 19 0 0 19
0%
18 Lanelli Wales 18 0 0 18
0%
No matching quizzes found
Score Distribution
Percent of People with Each Score
Percentile by Number Answered
Your Score History
You have not taken this quiz